000 00609 a2200181 4500
999 _c91
_d91
020 _a9781903337158
050 _aBF39. MIL 2001
100 _aMiles, Jeremy,
_d1968-
245 _aResearch methods and statistics /
_cJeremy Miles
264 _aExeter :
_bCrucial,
_c 2001
300 _avii, 145 pages ;
_b 25 cm.
440 _aSuccess in your psychology degree.
500 _aIncludes bibliography and index
650 _aPsychology -- Research -- Methodology.
650 _aPsychology -- Research -- Methodology -- Examinations -- Study guides.
650 _aPsychometrics.
942 _2lcc
_cBK
_h39
_iMIL
_kBF